| 000 | 01129nam a2200265Ia 4500 | ||
|---|---|---|---|
| 001 | ebr10342225 | ||
| 003 | CaPaEBR | ||
| 006 | m u | ||
| 007 | cr cn||||||||| | ||
| 008 | 090422s2010 cau s 000 0 eng d | ||
| 020 | _z9781569757154 | ||
| 020 | _z9781569758007 | ||
| 040 |
_aCaPaEBR _cCaPaEBR |
||
| 035 | _a(OCoLC)646843983 | ||
| 050 | 1 | 4 |
_aAG243 _b.U58 2010eb |
| 245 | 0 | 4 |
_aThe ultimate book of top ten lists _h[electronic resource] : _ba mind-boggling collection of fun, fascinating and bizarre facts on movies, music, sports, crime, celebrities, history, trivia and more. |
| 260 |
_aBerkeley, CA : _bUlysses Press, _cc2010. |
||
| 300 | _axiv, 706 p. | ||
| 533 |
_aElectronic reproduction. _bPalo Alto, Calif. : _cebrary, _d2010. _nAvailable via World Wide Web. _nAccess may be limited to ebrary affiliated libraries. |
||
| 650 | 0 | _aCuriosities and wonders. | |
| 650 | 0 |
_aPopular culture _vMiscellanea. |
|
| 655 | 7 |
_aElectronic books. _2local |
|
| 710 | 2 | _aebrary, Inc. | |
| 856 | 4 | 0 |
_uhttp://site.ebrary.com/lib/rucke/Doc?id=10342225 _zAn electronic book accessible through the World Wide Web; click to view |
| 999 |
_c155524 _d155524 |
||